Global commodity markets and development economics /

Bibliographic Details
Corporate Author: Taylor & Francis
Other Authors: Pfaffenzeller, Stephan (Editor)
Format: eBook
Language:English
Published: Abingdon, Oxon ; New York : Routledge, 2018.
Edition:1 Edition.
Series:Routledge studies in development economics.
Subjects:
Online Access:Connect to the full text of this electronic book

MARC

Tag First Indicator Second Indicator Subfields
LEADER 00000cam a2200000 i 4500
001 in00003918921
005 20191219080735.0
006 m o d
007 cr |||||||||||
008 171003s2018 nyu o 000 0 eng
010 |a  2017047613 
020 |a 9781315708683  |q Ebook 
020 |a 131570868X 
020 |z 9781138898257  |q hardcover  |q alkaline paper 
024 8 |a 40027946577 
035 |a (NhCcYBP)ybp15111314 
040 |a NhCcYBP  |c NhCcYBP  |d UtOrBLW 
042 |a pcc 
050 4 |a HG6046  |b .G546 2018 
082 0 0 |a 332.64/4  |2 23 
245 0 0 |a Global commodity markets and development economics /  |c edited by Stephan Pfaffenzeller. 
250 |a 1 Edition. 
264 1 |a Abingdon, Oxon ;  |a New York :  |b Routledge,  |c 2018. 
300 |a 1 online resource. 
336 |a text  |b txt  |2 rdacontent 
337 |a computer  |b n  |2 rdamedia 
338 |a online resource  |b cr  |2 rdacarrier 
490 1 |a Routledge studies in development economics 
505 0 |a Introduction / Stephan Pfaffenzeller -- The resource curse, commodity prices and economic growth / David I. Harvey, Neil Kellard, Jakob B. Madsen and Mark E. Wohar -- Which terms of trade : recent developments in relative commodity prices / Stephan Pfaffenzeller -- A diversification path for resource intensive economies / Masuma Farooki -- Rice market integration in India / Madhusudan Ghosh and Atanu Ghoshray -- Do export restrictions reduce domestic price volatility? : evidence from the wheat export controls in Kazakhstan, Russia and Ukraine / Linde Gotz and Ivan Djuric -- The impact of peak oil on trade globalisation : an example of steel exports from Europe and North America to the United States / Jan Moldenhauer -- The role of trade in energy security for developing nations and a globalised economy / Xu Tang, Simon Snowden and Mikael Hok. 
588 |a Description based on online resource; title from digital title page (viewed on February 27, 2018). 
500 |a Electronic resource. 
650 0 |a Commodity exchanges.  |0 http://id.loc.gov/authorities/subjects/sh85028977 
650 0 |a Commercial products.  |0 http://id.loc.gov/authorities/subjects/sh85028954 
650 0 |a Prices.  |0 http://id.loc.gov/authorities/subjects/sh85106622 
650 0 |a Economic development.  |0 http://id.loc.gov/authorities/subjects/sh85040804 
650 0 |a Business logistics.  |0 http://id.loc.gov/authorities/subjects/sh85018306 
655 7 |a Electronic books.  |2 local 
700 1 |a Pfaffenzeller, Stephan,  |e editor.  |0 http://id.loc.gov/authorities/names/nb2012010249 
710 2 |a Taylor & Francis.  |0 http://id.loc.gov/authorities/names/n84073022 
776 1 8 |i Print version:  |t Global commodity markets and development economics.  |b 1 Edition.  |d New York : Routledge, 2018  |z 9781138898257  |w (DLC) 2017039924 
830 0 |a Routledge studies in development economics.  |0 http://id.loc.gov/authorities/names/n95066176 
856 4 0 |u http://proxy.library.tamu.edu/login?url=https://www.taylorfrancis.com/books/9781315708683  |z Connect to the full text of this electronic book  |t 0 
955 |a YBP purchased approval e-records 
980 |b 140.00  |g 1 
999 f f |s 417a98d2-2e03-3772-884b-5e65b6d2527e  |i 4cad9f82-8f2a-3b90-a405-be411dae1b4b  |t 0 
952 f f |a Texas A&M University  |b College Station  |c Electronic Resources  |d Available Online  |t 0  |e HG6046 .G546 2018  |h Library of Congress classification 
998 f f |a HG6046 .G546 2018  |t 0  |l Available Online